| 000 | 02139nam a22004457a 4500 | ||
|---|---|---|---|
| 003 | OSt | ||
| 005 | 20260530115321.0 | ||
| 008 | 260520b2017 mx a|||| |||| 00| 0 spa d | ||
| 020 | _a9786079489274 | ||
| 040 |
_aICI _bspa _cICI _erda |
||
| 050 |
_aNA759.B55 _bA4 2018 |
||
| 100 | 1 | 2 |
_aBilbao, Tatiana, _bautor _eautor _934472 |
| 245 | 0 | 0 |
_aPerspectivas : _bTatiana Bilbao Estudio / _ctextos, Patrick Charpenel, Simon Hartmann, Raymund Ryan, Gonzalo Ortega ; fotografía, Iwan Baan, Moritz Bernoully, Jan Bitter, Nicolas Coeckbergs, Rodolfo Díaz (maqueta), Rory Gardiner, Jonathan Letoublon, Onnis Luque, Jaime Navarro, David Pascual, Sandra Pereznieto, Mauricio Salas, Tatiana Bilbao Estudio |
| 250 | _aPrimera edición | ||
| 264 |
_aCiudad de México : _bArquine, _c2017 |
||
| 300 |
_a250 páginas : _bilustraciones (principalmente a color), planos |
||
| 336 |
_2rdacontent _atexto |
||
| 337 |
_2rdamedia _asin medio |
||
| 338 |
_2rdacarrier _avolumen |
||
| 500 | _aPublicada en ocasión de la exposición realizada en el Museo Amparo en Puebla, Mexico, del 12 de mayo al 20 de agosot de 2018 | ||
| 650 | 4 |
_aArquitectura _vExposiciones _xHistoria _ySiglo XXI _zMéxico _934473 |
|
| 650 | 4 |
_aArquitectura moderna _vExposiciones _ySiglo XXI _934474 |
|
| 700 | 1 |
_aCharpenel, Patrick, _d1967- _eautor _934475 |
|
| 700 | 1 |
_aRyan, Raymund, _eautor _934476 |
|
| 700 | 1 |
_aOrtega, Gonzalo, _d1974- _eautor _934477 |
|
| 700 | 1 |
_aBaan, Iwan, _d1975- , _efotógrafo, _eilustrador _934478 |
|
| 700 | 1 |
_aBernoully, Moritz, _efotográfo _934479 |
|
| 700 | 1 |
_aBitter, Jan, _efotográfo _934480 |
|
| 700 | 1 |
_aCoeckbergs, Nicolas, _efotográfo _934481 |
|
| 700 | 1 |
_aDíaz, Rodolfo, _efotógrafo _934482 |
|
| 700 | 1 |
_aGardiner, Rory, _efotógrafo _934483 |
|
| 700 | 1 |
_aLetoublon, Jonathan, _efotográfo _934484 |
|
| 700 | 1 |
_aLuque, Onnis, _efotógrafo _934485 |
|
| 700 | 1 |
_aNavarre, Jaime, _efotógrafo _934486 |
|
| 700 | 1 |
_aPascual, David, _efotográfo _934487 |
|
| 700 | 1 |
_aPereznieto, Sandra, _efotográfo _934488 |
|
| 700 | 1 |
_aSalas, Mauricio, _efotográfo _934489 |
|
| 710 | 2 |
_aMuseo Amparo (Puebla, Mexico), _eentidad patrocinadora _974 |
|
| 942 |
_2lcc _cBK _n1 |
||
| 999 |
_c13803 _d13803 |
||